Estatísticas para Principais Praias do Litoral Norte do RS

Clique aqui para jogar o quiz

Estatísticas Gerais

  • Esse quiz foi jogado 52 vezes
  • A pontuação média é 16 de 42

Estatísticas das Respostas

Praias% Correto
Torres
95%
Capão da Canoa
93%
Tramandaí
88%
Arroio do Sal
78%
Imbé
78%
Xangri-lá
76%
Atlântida
73%
Cidreira
73%
Pinhal
61%
Capão Novo
59%
Mariluz
54%
Nova Tramandaí
54%
Atlântida Sul
51%
Quintão
51%
Curumim
46%
Albatroz
44%
Arroio Teixeira
41%
Santa Terezinha
41%
Magistério
39%
Rainha do Mar
39%
Rondinha
37%
Noiva do Mar
34%
Oásis
32%
Salinas
29%
Jardim do Éden
24%
Mariápolis
22%
Praia do Barco
22%
Presidente
22%
Araçá
20%
Remanso
20%
Arpoador
15%
Jardim Beira-Mar
15%
Marina
15%
Maristela
15%
Nazaré
15%
Imara
12%
Arco-Íris
10%
Harmonia
10%
Marisul
10%
Coqueiros
0%
Curuíra
0%
Morada do Sol
0%

Distribuição das Pontuações

Percentil de Números Respondidos

Porcentagem de Pessoas com Cada Pontuação

Sua Pontuação Histórica

Você não jogou esse quiz